000 00857nam a2200181Ia 4500
003 GCL
005 20240530110159.0
008 140319s9999 xx 000 0 ara d
040 _aGCL /
_cGCL
082 0 4 _aم
_b239
_bس ك
100 1 _aالسيوطى : جلال الدين ابوالفضل عبدالرحمن بن ابى بكر بن محمد الخضيرى
245 1 0 _aكفاية الطالب اللبيب فى خصائص الحبيب المعروف بالخصائص الكبرى /
_cالسيوطى : جلال الدين ابوالفضل عبدالرحمن بن ابى بكر بن محمد الخضيرى
260 _a[S.N] :
_bدار الكتب العلمية للنشر والتوزيع ،
_c1985
300 _aمتعدد الترقيم
650 0 4 _aالسيرة النبوية
650 0 4 _aالتاريخ الاسلامى
942 _2ddc
_cREF
999 _c59231
_d59231